Countries with uncontacted tribes - Statistics

General Stats
  • This quiz has been taken 213 times
  • The average score is 11 of 13
Answer Stats
Estimated Number Of Uncontacted Tribes Answer % Correct
Atleast 67 Brazil
98%
Atleast 15 Peru
93%
5-8 Bolivia
91%
Atleast 3 Colombia
91%
Unknown India
91%
3 Venezuela
90%
Atleast 44 Indonesia
89%
Unknown Ecuador
86%
Unknown Papua New Guinea
85%
Atleast 1 Paraguay
85%
1 Suriname
79%
2 Guyana
78%
1 France (French Guyana)
52%
No matching quizzes found
Score Distribution
Percent of People with Each Score
Percentile by Number Answered
Your Score History
You have not taken this quiz